| 000 | 00419nam a22001577a 4500 | ||
|---|---|---|---|
| 005 | 20260323100613.0 | ||
| 008 | 260323b |||||||| |||| 00| 0 eng d | ||
| 020 | _a978-81-203-5063-2 | ||
| 100 | _aBISWAL PURNA CHANDRA | ||
| 245 | _aCOMPLEX ANALYSIS | ||
| 260 |
_aNEW DELHI _bPHI LEARNING _c2015 |
||
| 300 | _aIX,273P. | ||
| 500 | _aINCLUDES AN INDEX | ||
| 650 | _aFUNCTIONS OF COMPLEX VARIABLES | ||
| 942 |
_2lcc _cBK |
||
| 999 |
_c216848 _d216848 |
||